Sandinistas
Na minha lista:
| Autor principal: | |
|---|---|
| Outros Autores: | , |
| Formato: | Livro |
| Idioma: | Spanish |
| Publicado em: |
Nicaragua
Editorial Vanguardia
1986
|
| Assuntos: | |
| Tags: |
Adicionar Tag
Sem tags, seja o primeiro a adicionar uma tag!
|
MARC
| LEADER | 00000nam a22000007a 4500 | ||
|---|---|---|---|
| 003 | cru CIDCACS/IIS | ||
| 005 | 20210427142043.0 | ||
| 008 | 210420b1986 nq ||||| |||| 00| 0 spa d | ||
| 040 | |a CIDCACS/IIS | ||
| 090 | |a 05.03.04 C387s | ||
| 100 | |9 9945 |a Ceberio, Jesús | ||
| 245 | 1 | |a Sandinistas | |
| 260 | |a Nicaragua |b Editorial Vanguardia |c 1986 | ||
| 300 | |a 270 páginas | ||
| 500 | |a Colección Centroamérica | ||
| 650 | 0 | 0 | |9 3240 |a SANDINISMO |
| 650 | 0 | 0 | |9 5164 |a REVOLUCION SANDINISTA |
| 650 | 0 | 7 | |9 8729 |a ORGANIZACIONES REVOLUCIONARIAS |
| 650 | 0 | 0 | |9 7785 |a FSLN |
| 650 | 0 | 0 | |9 139 |a CONFLICTO ARMADO |
| 650 | 0 | 0 | |9 3633 |a CONFLICTOS POLITICOS |
| 651 | 0 | |9 1861 |a NICARAGUA | |
| 700 | |9 9946 |a Invernizzi, Gabriele | ||
| 700 | |9 9947 |a Pisani, Francis | ||
| 942 | |2 ddc |c LI | ||
| 999 | |c 43653 |d 43653 | ||
